000 00286nam a22001337a 4500
008 181029b xxu||||| |||| 00| 0 eng d
020 _a9780312189273
041 _aeng
080 _a371
100 _a46
101 _aEDU
245 _aThe New Handbook
_cLunsford,A
942 _2udc
_cBK
999 _c51016
_d51016